Quizzes
Events
Quiz Creation
Community
Videos
Private Events
Remove Ads
Sign In
Join for FREE
Feedback
Dark Mode
Quiz Categories
Sports
Geography
Music
Movies
Television
Just For Fun
Miscellaneous
History
Literature
Language
Science
Gaming
Entertainment
Religion
Holiday
For Kids
Quiz Lab
Recent
Popular Today
Quiz Kudos Today
Editor Picks
Curator Picks
Quizzes by...
Day
Popularity
Type
Ratings
Length
Year
Community
Subscriptions
Recent Discussions
Orange Saloon
Badges
Playlists
Quests
Create
Leaderboards
Showdown
Live 5
Trivia Bingo
Activity
Puzzle Library
Sporcle Events
Private Events
Virtual Trivia
Globe League
Become a Host
Pub Owners
SporcleCon
Opinionation
Our Games
Videos
Blog
Mobile Apps
Partnerships
Remove Ads and Go Orange
Feedback
Language
Vocabulary
Begins and Ends
Definition
Spanish
French
German
Italian
Chinese
Latin
Translation
Japanese
Language
Vocabulary
Begins and Ends
Definition
Spanish
French
German
Italian
Chinese
Latin
Translation
Japanese
Random Quiz
Search Sporcle
×
Quiz Lab
Quiz Lab
Language
Starting
Type in answers that appear in a list
Type in answers that appear in a list
Classic
Best Score? Go Orange.
9 Most Misspelled Words Starting With A Stats
Can you name the 100 Most Misspelled Words A to B?
By
SASGood
15m
10 Questions
72 Plays
72 Plays
72 Plays
Comments
Comments
Give Quiz Kudos
Give Quiz Kudos
-
- Ratings
hide this ad
Replay
Link that replays current quiz
Next Quiz
Link to next quiz in quiz playlist
You Got
0%
They Got
Avg Score
60%
Avg Friend Score
Upgrade to see
Score Distribution
Jump to the score distribution portion of the page
Score
0/10
Timer
15:00
0
Plays Today
Strong Hint
Answer
% Correct
Remember, this word is large enough to ac.....date both a double 'c' AND a double 'm.' Anda double 'o'
accommodate
86.1%
Am..... (non professionals ) need not be mature: this word ends on the French suffix -
eur (the equivalent of English -
er). It's like provocateur and raconteur.
amateur
80.6%
To find innocent.
acquit
72.2%
It is no ac...... that the test for adverbs on -
ly is whether they come from an adjective on -
al. [ac], [cide] means towards,kill. relates to dental.
accidentally
63.9%
Let's not argue about the loss of this verb's silent [e] before the suffix -
ment
argument
61.1%
Lord help you remember that this word comprises the prefix a-
'not' + the 'god' (also in the-
ology) + -
ist 'one who believes.' B
atheist
59.7%
Try to ac..... the knowledge that this word and the next began with the prefix ad-
but the [d] converts to [c] before [q].
acquire
58.3%
A parent need not pay rent but 'a......t' must pay the rent. [ap] means towards
apparent
56.9%
Just remember to ac.... any table offered to you and you will spell this word OK.
acceptable
51.4%
French for tour
teur
9.7%
Quiz Playlist
Details
Report
Send in Message
Add To Playlist
Classic:
Type in answers that appear in a list
Last Updated: Feb 16, 2017
Quiz Scoreboard
CHALLENGE
Sign Up to Join the Scoreboard
Show All
Scores
Hide
Comments
May contain spoilers
Recently Published
Billboard Blitz: Fleetwood Mac
by CooCooCachoo
Music
15s
Presidents Visiting Landmarks
by Hejman
History
7m
An Introduction to Baseball
by treessimontrees
Sports
5m
More to Explore
Quiz From the Vault
Featured Blog Post
Where Did the Easter Bunny Come From?
hide this ad
You Might Also Like...
Tags
100
100 Most
Misspelled
Misspelled Words
Starting
Today's Top Quizzes in Language
Browse Language
hide this ad
Today's Top Quizzes in Starting
Browse Starting
Top Contributed Quizzes in Language
1
1-10 Letter F Words III
2
1-10 Letter G Words III
3
Order Up: Top 10 Most Native Spoken Languages
4
1-10 Letter H Words III
5
One Thing in Common: Italy
6
1-10 Letter I Words III
7
Weisst du, aus welchen Sprachen diese Wörter stammen?
8
1-10 Letter J Words III
9
Celtic Nations in their Language
10
1-10 Letter K Words III
Explore More
Trending Topics
Kpop
Harry Potter
Crossword
Disney
NBA
Marvel
Anime
Pokémon
NFL
The Office
Puzzle
Song
WWE
Soccer
Country
hide this ad
More By:
SASGood
Quiz
Plays
Rating
Category
Featured
Created
Naming the ligands
610
3.00
Science
Nov 18, 2009
simple hydrocarbon reactions
243
3.50
Science
Nov 12, 2009
spelling tion, sion ,cian, sian, etc.
222
1.25
Language
Nov 16, 2010
Spell supermarket related words
131
1.00
Miscellaneous
Mar 17, 2010
words containing cy ,ci ,ce
123
1.33
Language
Nov 9, 2009
Go to Creator's Profile
Score Distribution
Quiz Creator Spotlight
SASGood
Follow
Send a Message
Quizzes Created
-
Created Quiz Play Count
-
More By This Creator
Popular Quizzes Today
1
Find the US States - No Outlines Minefield
2
Find the Countries of Europe - No Outlines Minefield
3
The Countries of the World
4
Find the US States
5
US States
6
Popular People in 1961
7
Risky Map Clicking: Biggest States A-Z
8
Movies - When Are They Set?
More Language Quizzes
5-Letter Words A to Z
Published
Trending Quizzes
Risky Map Clicking: Least Populous States A-Z
1-10 Letter G Words
1-10 Letter F Words
Risky Map Clicking: Next State Alphabetically
Risky Map Clicking: Biggest States A-Z
Recently Updated
Leaping Animals
pecheneg
Reality TV Shows (A-Z)
bhenderson79
Rickey Henderson's Hall of Fame Teammates
pecheneg
Champions League XIs: Arsenal
pecheneg
Quick Pick: Celebrities in WWE's Hall of Fame
aduchscher
A-Z Keypad Blitz II
pecheneg
Multiple Oscar Actors
pecheneg
Mystery Phrase Blitz: Oscar 'Best Actors'
pecheneg
F. Scott Fitzgerald Novels
LTH
Pick 3 Villains
ddd62291
Trending Topics
Anime
Harry Potter
Kpop
Marvel
Crossword
Disney
NBA
Soccer
Song
Puzzle
Pokémon
The Office
NFL
Country
WWE
Your Account Isn't Verified!
In order to create a playlist on Sporcle, you need to verify the email address you used during registration. Go to your
Sporcle Settings
to finish the process.
Report this User
Report this user for behavior that violates our
Community Guidelines
.
Details:
Send Report
Go to the Sporcle.com Mobile Site →
Comments